Top 10+5 - Personnages les plus forts - Tokyo Revengers - Statistiques

Statistiques générales
  • Ce quiz a été pris 1 449 fois
  • Le résultat moyen est 9 sur 15
Statistiques - réponses
Hint Réponse % Correct
7 Draken
98%
1 Mikey
96%
Mentions honorables Takemichi
85%
Mentions honorables Baji
82%
Mentions honorables Hanma
74%
4 Izana
71%
9 Taiju
65%
10 Angry
58%
3 Senju
58%
8 Kakucho
56%
2 South
50%
Mentions honorables Hakkai
48%
5 Wakasa
43%
6 Benkei
34%
Mentions honorables Peyan
31%
Aucun quiz correspondant
Distribution des résultats
% des personnes avec chaque résultat
Percentile par nombre de réponses
Votre historique - résultats
Vous n’avez pas pris ce quiz